[Event "POL-chT Academic"]
[Site "Chorzow"]
[Date "2021.05.15"]
[Round "3.23"]
[White "Rudnik, Anna"]
[Black "Woloch, Oskar"]
[Result "1-0"]
[WhiteElo "1827"]
[BlackElo "2117"]
[PlyCount "47"]
[EventDate "2021.05.15"]
[EventType "team-swiss (rapid)"]
[EventRounds "9"]
[EventCountry "POL"]
[SourceTitle "CBM 202 Extra"]
[Source "ChessBase"]
[SourceDate "2021.07.31"]
[SourceVersion "1"]
[SourceVersionDate "2021.07.31"]
[SourceQuality "1"]
[WhiteTeam "Katowice Slaski Univ"]
[BlackTeam "Wroclaw Politechnik"]
[WhiteTeamCountry "POL"]
[BlackTeamCountry "POL"]

1. e4 g6 2. d4 Bg7 3. c3 d6 4. Bd3 a6 5. f4 b5 6. e5 Nd7 7. Be4 Rb8 8. Qf3 c5 9. Be3 b4 10. Nd2 a5 11. Ne2 Qc7 12. 0-0 bxc3 13. bxc3 e6 14. Nc4 d5 15. Nd6+ Ke7 16. Bxd5 exd5 17. Qxd5 Nh6 18. f5 Nxe5 19. dxe5 Bxf5 20. Bxh6 Bxh6 21. Qxf7+ Kd8 22. Qf6+ Kd7 23. Nxf5 Rbf8 24. Rfd1+ 1-0

[Event "POL-ch Academic (Women)"]
[Site "Chorzow"]
[Date "2021.05.15"]
[Round "7.1"]
[White "Sliwicka, Alicja"]
[Black "Rudnik, Anna"]
[Result "1-0"]
[WhiteElo "2346"]
[BlackElo "1827"]
[PlyCount "58"]
[EventDate "2021.05.14"]
[EventType "swiss (rapid)"]
[EventRounds "9"]
[EventCountry "POL"]
[SourceTitle "CBM 202 Extra"]
[Source "ChessBase"]
[SourceDate "2021.07.31"]
[SourceVersion "1"]
[SourceVersionDate "2021.07.31"]
[SourceQuality "1"]

1. e4 e5 2. Nf3 Nc6 3. Nc3 Nf6 4. a3 d6 5. d4 Nxd4 6. Nxd4 exd4 7. Qxd4 h6 8. Bc4 Be7 9. 0-0 Be6 10. Nd5 c6 11. Nxe7 Qxe7 12. Bd3 0-0 13. c4 Nd7 14. Bf4 Ne5 15. Bxe5 dxe5 16. Qxe5 Rad8 17. Rad1 Rfe8 18. Qc3 c5 19. Bc2 Rxd1 20. Rxd1 Rd8 21. Rxd8+ Qxd8 22. Qd3 Qg5 23. b3 Qc1+ 24. Qd1 Qxa3 25. f4 Qb2 26. h3 Qc3 27. Kf2 g6 28. f5 Bd7 29. fxg6 fxg6 1-0

[Event "Golden Rook op 56th"]
[Site "Chotowa"]
[Date "2014.06.13"]
[Round "9"]
[White "Rudnik, Anna"]
[Black "Swiech, Joanna"]
[Result "1-0"]
[WhiteElo "1752"]
[BlackElo "1634"]
[PlyCount "125"]
[EventDate "2014.06.08"]
[EventType "team-swiss"]
[EventRounds "9"]
[EventCountry "POL"]
[SourceTitle "EXT 2015"]
[Source "ChessBase"]
[SourceDate "2014.11.20"]
[SourceVersion "1"]
[SourceVersionDate "2014.11.20"]
[SourceQuality "1"]

1. e4 e6 2. d4 d5 3. Nc3 Nf6 4. e5 Nfd7 5. Nf3 c5 6. dxc5 Bxc5 7. Bd3 Nc6 8. Bf4 f6 9. exf6 Nxf6 10. 0-0 0-0 11. Bg3 Bd6 12. Re1 Bxg3 13. hxg3 a6 14. Ne5 Qd6 15. f4 Nb4 16. Kh2 Nxd3 17. Qxd3 b5 18. Ne2 Ne4 19. Ng1 Qe7 20. Ngf3 Qe8 21. Nd2 Nd6 22. Rh1 Qh5+ 23. Kg1 Qf5 24. Qb3 Bb7 25. Ndf3 Rfe8 26. Re1 Ne4 27. Nd4 Qf6 28. Qf3 g6 29. c3 Rad8 30. Qg4 Kg7 31. Rf1 Nd2 32. Rf2 Ne4 33. Re2 Rd6 34. Qf3 Rf8 35. Ng4 Qf7 36. Nh6 Qf6 37. Qg4 Kh8 38. Qh3 Qe7 39. Nf3 Bc8 40. Ne5 Qg7 41. Qg4 Rf6 42. Qh4 Nc5 43. Qg5 Ne4 44. Qh4 Nc5 45. Qh2 Ne4 46. a3 Nc5 47. g4 Ne4 48. g5 Rf8 49. g3 Rb6 50. Qh4 Rb7 51. Reh2 Rc7 52. Rh3 Nd6 53. Qg4 Re8 54. Qe2 Ree7 55. Nhg4 Qg8 56. Nf6 Qg7 57. Nxh7 Qxh7 58. Rxh7+ Rxh7 59. Nxg6+ Kg8 60. Rxh7 Rxh7 61. Qe5 Kf7 62. Qf6+ Ke8 63. Qf8+ 1-0

[Event "Golden Rook op 56th"]
[Site "Chotowa"]
[Date "2014.06.11"]
[Round "6"]
[White "Chrzaszcz, Malvina"]
[Black "Rudnik, Anna"]
[Result "1-0"]
[WhiteElo "2051"]
[BlackElo "1752"]
[PlyCount "69"]
[EventDate "2014.06.08"]
[EventType "team-swiss"]
[EventRounds "9"]
[EventCountry "POL"]
[SourceTitle "EXT 2015"]
[Source "ChessBase"]
[SourceDate "2014.11.20"]
[SourceVersion "1"]
[SourceVersionDate "2014.11.20"]
[SourceQuality "1"]

1. e4 e5 2. Nf3 Nc6 3. Bb5 a6 4. Ba4 Nf6 5. d3 d6 6. c3 g6 7. Nbd2 Bg7 8. 0-0 0-0 9. Re1 b5 10. Bc2 Re8 11. a4 b4 12. a5 Rb8 13. d4 Na7 14. Nc4 bxc3 15. bxc3 exd4 16. cxd4 d5 17. exd5 Rxe1+ 18. Qxe1 Qxd5 19. Nce5 Nb5 20. Rb1 Be6 21. Ng5 Qxd4 22. Nxe6 fxe6 23. Nc6 Qc4 24. Nxb8 Qxc2 25. Qxe6+ Kh8 26. Qb3 Qe2 27. Be3 Ng8 28. Nc6 Nc3 29. Rc1 Qd3 30. Kh1 Qd6 31. Nd4 Ne4 32. Rc6 Qd7 33. Qe6 Qxe6 34. Nxe6 Bc3 35. Rxc3 1-0

[Event "Golden Rook op 56th"]
[Site "Chotowa"]
[Date "2014.06.10"]
[Round "4"]
[White "Rudnik, Anna"]
[Black "Antolak, Julia"]
[Result "0-1"]
[WhiteElo "1752"]
[BlackElo "1869"]
[PlyCount "96"]
[EventDate "2014.06.08"]
[EventType "team-swiss"]
[EventRounds "9"]
[EventCountry "POL"]
[SourceTitle "EXT 2015"]
[Source "ChessBase"]
[SourceDate "2014.11.20"]
[SourceVersion "1"]
[SourceVersionDate "2014.11.20"]
[SourceQuality "1"]

1. e4 c5 2. Nf3 e6 3. d4 cxd4 4. Nxd4 Nf6 5. Nc3 d6 6. Be2 Be7 7. 0-0 a6 8. a4 Qc7 9. Kh1 Nbd7 10. f4 b6 11. Bf3 Bb7 12. Qe1 h6 13. Bd2 0-0-0 14. b4 g5 15. f5 e5 16. Nb3 g4 17. Be2 d5 18. Nxd5 Nxd5 19. exd5 Bxd5 20. Bxa6+ Kb8 21. c4 Ba8 22. Qe2 h5 23. Kg1 h4 24. c5 h3 25. g3 Qc6 26. Kf2 Qg2+ 27. Ke1 Qxe2+ 28. Bxe2 bxc5 29. bxc5 Nxc5 30. Rb1 Be4 31. Rb2 Nxa4 32. Ra2 Nc5 33. Nxc5 Bxc5 34. Rb2+ Kc8 35. Bxg4 f6 36. Bf3 Bd3 37. Bb7+ Kd7 38. Rf3 e4 39. Rf4 Bd6 40. Rg4 Rdg8 41. Rxg8 Rxg8 42. Bd5 Rb8 43. Be6+ Ke7 44. Rxb8 Bxb8 45. Bb4+ Ke8 46. Bc5 Bxg3+ 47. Kd2 Bxh2 48. Bf2 Bf4+ 0-1

[Event "Bialystok-ch U18"]
[Site "Bialystok"]
[Date "2014.01.29"]
[Round "5"]
[White "Rudnik, Anna"]
[Black "Kaminski, Maciej"]
[Result "0-1"]
[WhiteElo "1728"]
[BlackElo "1425"]
[PlyCount "60"]
[EventDate "2014.01.27"]
[EventType "swiss"]
[EventRounds "9"]
[EventCountry "POL"]
[SourceTitle "EXT 2016"]
[Source "ChessBase"]
[SourceDate "2015.10.08"]
[SourceVersion "1"]
[SourceVersionDate "2015.10.08"]
[SourceQuality "1"]

1. e4 Nf6 2. e5 Nd5 3. c4 Nb6 4. d4 d6 5. exd6 cxd6 6. Nc3 Nc6 7. Be3 g6 8. Rc1 Bg7 9. h3 0-0 10. Nf3 Re8 11. Qd2 e5 12. d5 Nd4 13. Bxd4 exd4+ 14. Ne2 Qf6 15. b3 Bf5 16. Kd1 Re4 17. Ng3 Rf4 18. Ne2 Re4 19. Nh2 Rae8 20. f3 Re3 21. Ng4 Bxg4 22. hxg4 Qe5 23. Ng1 Re1+ 24. Kc2 d3+ 25. Kxd3 Qd4+ 26. Kc2 Qb2+ 27. Kd3 Qxc1 28. Qxc1 Rxc1 29. Ne2 Re1 30. f4 R8xe2 0-1

[Event "Bialystok Spring qual"]
[Site "Bialystok"]
[Date "2014.??.??"]
[Round "2"]
[White "Kaminski, Maciej"]
[Black "Rudnik, Anna"]
[Result "0-1"]
[WhiteElo "1494"]
[BlackElo "1739"]
[PlyCount "76"]
[EventDate "2014.04.??"]
[EventType "swiss"]
[EventRounds "9"]
[EventCountry "POL"]
[SourceTitle "EXT 2016"]
[Source "ChessBase"]
[SourceDate "2015.10.08"]
[SourceVersion "1"]
[SourceVersionDate "2015.10.08"]
[SourceQuality "1"]

1. d4 Nf6 2. Nc3 d5 3. Bg5 Bf5 4. f3 h6 5. Bxf6 exf6 6. e4 dxe4 7. fxe4 Bg6 8. Nf3 Bb4 9. Bd3 0-0 10. 0-0 Re8 11. Re1 Bh5 12. d5 Nd7 13. Qd2 Qc8 14. Qf4 Bd6 15. Qh4 Bxf3 16. gxf3 Ne5 17. Kf2 Ng6 18. Qh5 Bc5+ 19. Kf1 Qd8 20. Rad1 Qd6 21. Ne2 Qb6 22. a4 Bf2 23. a5 Qe3 24. Ng3 Bxe1 25. Rxe1 Qd2 26. Nf5 Re5 27. h4 Ne7 28. Re2 Qc1+ 29. Kf2 Nxf5 30. exf5 Rxe2+ 31. Kxe2 Re8+ 32. Be4 Qxc2+ 33. Ke3 Qc1+ 34. Kf2 Qxb2+ 35. Kg3 Qc3 36. Kf4 Qxa5 37. Qg4 Qd2+ 38. Kg3 a5 0-1

[Event "Olsztyn op U18 blitz"]
[Site "Olsztyn"]
[Date "2013.08.04"]
[Round "22"]
[White "Harazinska, Ewa"]
[Black "Rudnik, Anna"]
[Result "1-0"]
[WhiteElo "1682"]
[BlackElo "1682"]
[PlyCount "75"]
[EventDate "2013.08.03"]
[EventType "swiss (blitz)"]
[EventRounds "22"]
[EventCountry "POL"]
[SourceTitle "CBM 155 Extra"]
[Source "ChessBase"]
[SourceDate "2013.08.26"]
[SourceVersion "1"]
[SourceVersionDate "2013.08.26"]
[SourceQuality "1"]

1. d4 Nf6 2. c4 e6 3. Nc3 Bb4 4. Qc2 b6 5. e4 Bxc3+ 6. bxc3 d6 7. Bd3 e5 8. Ne2 Nbd7 9. 0-0 0-0 10. f4 Bb7 11. fxe5 dxe5 12. Bg5 Re8 13. Rae1 h6 14. Bh4 a5 15. Qb1 Qe7 16. c5 exd4 17. cxd4 Bxe4 18. Nc3 Bxd3 19. Qxd3 Qxe1 20. Bxe1 bxc5 21. Bd2 Rab8 22. dxc5 Nxc5 23. Qg3 Kh7 24. Qh4 Rb4 25. Qh3 Re6 26. Qf5+ Kg8 27. Qxc5 Rb2 28. Qd4 Rd6 29. Nd5 Rxd2 30. Qxd2 Rxd5 31. Qc2 c5 32. Qc4 Rg5 33. h4 Rg4 34. Qxc5 Rxh4 35. Qc8+ Kh7 36. Qc2+ Kg8 37. Rd1 g6 38. Qf2 1-0

[Event "Olsztyn op U18 blitz"]
[Site "Olsztyn"]
[Date "2013.08.04"]
[Round "21"]
[White "Rudnik, Anna"]
[Black "Harazinska, Ewa"]
[Result "1-0"]
[WhiteElo "1682"]
[BlackElo "1682"]
[PlyCount "83"]
[EventDate "2013.08.03"]
[EventType "swiss (blitz)"]
[EventRounds "22"]
[EventCountry "POL"]
[SourceTitle "CBM 155 Extra"]
[Source "ChessBase"]
[SourceDate "2013.08.26"]
[SourceVersion "1"]
[SourceVersionDate "2013.08.26"]
[SourceQuality "1"]

1. e4 c5 2. Nf3 d6 3. d4 cxd4 4. Nxd4 Nf6 5. Nc3 a6 6. a4 Nc6 7. Be2 e6 8. 0-0 Be7 9. Kh1 0-0 10. f4 Qc7 11. g4 b6 12. g5 Nd7 13. Rf3 Bb7 14. Rh3 Nxd4 15. Qxd4 e5 16. Qf2 Rfe8 17. f5 Nf8 18. f6 Bd8 19. fxg7 Kxg7 20. Qh4 Bc8 21. Qh6+ Kg8 22. Nd5 Qb7 23. Bf3 Bxh3 24. Qxh3 Qc8 25. Bg4 Qc4 26. Bf5 Ng6 27. Nf6+ Bxf6 28. gxf6 Kh8 29. Bh6 Qxc2 30. Rc1 Qxb2 31. Rc7 Rac8 32. Rxc8 Rxc8 33. Bxc8 Qb1+ 34. Kg2 Qxe4+ 35. Qf3 Qc2+ 36. Kg3 Qxc8 37. Bg7+ Kg8 38. h4 Qd8 39. h5 Nf8 40. Qg4 Ng6 41. hxg6 fxg6 42. Qe6# 1-0

[Event "Bialystok-ch U20"]
[Site "Bialystok"]
[Date "2013.01.21"]
[Round "8.5"]
[White "Kosakowski, Jakub"]
[Black "Rudnik, Anna"]
[Result "1-0"]
[WhiteElo "1733"]
[BlackElo "1589"]
[PlyCount "85"]
[EventDate "2013.01.21"]
[EventType "tourn"]
[EventRounds "9"]
[EventCountry "POL"]
[SourceTitle "EXT 2023"]
[Source "ChessBase"]
[SourceDate "2022.10.05"]
[SourceVersion "1"]
[SourceVersionDate "2022.10.05"]
[SourceQuality "1"]

1. e4 e5 2. Nf3 Nc6 3. Bb5 a6 4. Ba4 Nf6 5. 0-0 b5 6. Bb3 Be7 7. Re1 d6 8. c3 Na5 9. Bc2 c5 10. d4 Qc7 11. h3 0-0 12. d5 Nc4 13. Nbd2 Nxd2 14. Bxd2 Nd7 15. Nh2 Nb6 16. Qf3 Qb7 17. g4 a5 18. Nf1 Nc4 19. Bc1 a4 20. Ne3 Nb6 21. a3 Bg5 22. Kg2 h6 23. Nf5 Bxf5 24. Bxg5 Bg6 25. Be3 Nxd5 26. Rad1 Nxe3+ 27. Rxe3 Rad8 28. Rd5 Rd7 29. Qd1 Qc6 30. c4 Ra8 31. cxb5 Qxb5 32. Rxd6 Rxd6 33. Qxd6 Qxb2 34. Qxc5 Qd4 35. Qc6 Ra5 36. Rc3 Qd2 37. Qe8+ Kh7 38. Rc8 Bh5 39. Qg8+ Kg6 40. gxh5+ Kxh5 41. Qxf7+ Kh4 42. Qxg7 Qf4 43. Rg8 1-0